000 00568nam a2200205 i 4500
001 105627
003 ES-MaACL
007 t|
008 060728s1962 fr ||||1| fre d
080 _a330.84/.86(44)
080 _a330.85(44)
100 1 _aDru, Jean.
_945675
245 1 3 _aLe pari democratique /
_cJean Dru.
260 _aParis :
_bRené Julliard,
_c[1962]
300 _a183 p. ;
_c20 cm.
500 _aBiblioteca Juan Andrade.
650 1 4 _aComunismo-
_zFrancia.
_911221
650 1 4 _aSocialismo-
_zFrancia.
_917161
852 _aES-MaACL
_jAND-437
_bR.109741
999 _c105627
_d105627